|
|
|
|
| LEADER |
02487nam a2200469 a 4500 |
| 001 |
EBC182507 |
| 003 |
MiAaPQ |
| 005 |
20200520144314.0 |
| 006 |
m o d | |
| 007 |
cr cn||||||||| |
| 008 |
030828s2004 enk sb 001 0 eng |
| 010 |
|
|
|z 2003019160
|
| 020 |
|
|
|z 0415302765
|
| 035 |
|
|
|a (MiAaPQ)EBC182507
|
| 035 |
|
|
|a (Au-PeEL)EBL182507
|
| 035 |
|
|
|a (CaPaEBR)ebr10100493
|
| 035 |
|
|
|a (CaONFJC)MIL1953
|
| 035 |
|
|
|a (OCoLC)318569866
|
| 040 |
|
|
|a MiAaPQ
|c MiAaPQ
|d MiAaPQ
|
| 043 |
|
|
|a e------
|
| 050 |
|
4 |
|a HC79.E5
|b E84 2004
|
| 082 |
0 |
4 |
|a 338.94/07
|2 22
|
| 245 |
0 |
0 |
|a Europe, globalization and sustainable development
|h [electronic resource] /
|c edited by John Barry, Brian Baxter, and Richard Dunphy.
|
| 260 |
|
|
|a London ;
|a New York :
|b Routledge,
|c 2004.
|
| 300 |
|
|
|a xxiii, 216 p.
|
| 490 |
1 |
|
|a Routledge research in environmental politics ;
|v 5
|
| 504 |
|
|
|a Includes bibliographical references and index.
|
| 505 |
0 |
|
|a The challenge of ecofeminism for European politics / Susan Baker -- Anti-globalism and ecologism in comparative perspective / Rafal Soborski -- Is there a European environmental movement? / Chris Rootes -- Fragmented citizenship in a global environment / Marcel Wissenburg -- Sustainability through democratization? / Derek Bell -- Social inclusion, environmental sustainability, and citizenship education / Andrew Dobson -- The Europeanization of national environmental policy / Andrew Jordan, Duncan Liefferink, and Jenny Fairbrass -- Ecological modernisation, globalization, and Europeanization / Debra Johnson -- The EU and sustainable development / Jon Burchell and Simon Lightfoot -- The WTO and sustainability after Doha / James Tunney.
|
| 533 |
|
|
|a Electronic reproduction. Ann Arbor, MI : ProQuest, 2015. Available via World Wide Web. Access may be limited to ProQuest affiliated libraries.
|
| 650 |
|
0 |
|a Environmental policy
|x Economic aspects
|z Europe.
|
| 650 |
|
0 |
|a Anti-globalization movement
|z Europe.
|
| 650 |
|
0 |
|a Environmental ethics
|z Europe.
|
| 650 |
|
0 |
|a Globalization
|x Social aspects.
|
| 650 |
|
0 |
|a Ecofeminism
|z Europe.
|
| 650 |
|
0 |
|a Environmental protection
|z Europe.
|
| 655 |
|
4 |
|a Electronic books.
|
| 700 |
1 |
|
|a Barry, John,
|d 1966-
|
| 700 |
1 |
|
|a Baxter, Brian,
|d 1949-
|
| 700 |
1 |
|
|a Dunphy, Richard.
|
| 710 |
2 |
|
|a ProQuest (Firm)
|
| 830 |
|
0 |
|a Routledge research in environmental politics ;
|v 5.
|
| 856 |
4 |
0 |
|u https://ebookcentral.proquest.com/lib/matrademy/detail.action?docID=182507
|z Click to View
|